Fede oltre il risentimento : coscienza cattolica e coscienza gay: risorse per il dibattito /

Salvato in:
Dettagli Bibliografici
Autore principale: Alison, James (Autore)
Natura: Libro
Lingua:italiano
Pubblicazione: Ancona : Transeuropa, [2007]
Serie:La realtà umana
Tags: Aggiungi Tag
Nessun Tag, puoi essere il primo ad aggiungerne!!

MARC

LEADER 00000nam a22000007i 4500
001 IT\ICCU\RAV\1531421
003 ItRI
005 20260219122834.0
008 070321s2007 it |||||| ||||| |||||c
020 |a 8875800197 
020 |a 9788875800192 
040 |b ita  |c CDM 
041 7 |a ita  |2 ISO-639-2 
100 1 |a Alison, James  |0 IT\ICCU\UBOV\876215  |4 aut 
245 1 0 |a Fede oltre il risentimento :  |b coscienza cattolica e coscienza gay: risorse per il dibattito /  |c James Alison. 
260 |a Ancona :  |b Transeuropa,  |c [2007] 
300 |a 224 p. ;  |c 21 cm 
500 |a Saggi scelti da: Faith beyond resentment, Undergoing God, On being liked 
500 |a Trad. di Eliana Crestani. 
830 3 |a La realtà umana  |0 IT\ICCU\LO1\1096501 
942 |2 ddc  |c BK 
952 |0 0  |1 0  |2 ddc  |4 0  |6 261_835000000000000_ALI_FED  |7 1  |9 1535  |a RA  |b RA  |d 2024-06-28  |l 0  |o 261.835 ALI FED  |p 9284  |r 2024-06-28 09:46:13  |w 2024-06-28  |y BK 
952 |0 0  |1 0  |4 0  |6 DOC_261_835000000000000_ALI  |7 0  |9 16567  |a BO  |b BO  |d 2026-01-15  |i 12220  |l 0  |o DOC 261.835 ALI  |p BO12220  |r 2026-01-15 23:19:23  |w 2026-01-15  |x [Sebina 5] [1 v.]  |y BK  |z 1 v. 
999 |c 1352  |d 1352